La guerra del Pacífico
Guardat en:
| Autors principals: | , , , , , , , |
|---|---|
| Format: | Llibre |
| Idioma: | espanyol |
| Publicat: |
Lima
Universidad Nacional Mayor de San Marcos
1984
|
| Matèries: | |
| Etiquetes: |
Afegir etiqueta
Sense etiquetes, Sigues el primer a etiquetar aquest registre!
|
MARC
| LEADER | 00000nam a2200000 a 4500 | ||
|---|---|---|---|
| 001 | UCK5388 | ||
| 003 | CL-VaPUC | ||
| 008 | 050722e19840000PE |||||||||||||||||spa|d | ||
| 020 | |a 9972460358 | ||
| 082 | 0 | 4 | |a 983.0616 |b RIV |2 21 |
| 100 | 0 | |a Rivera Serna, Raúl |e author |9 494177 | |
| 700 | 0 | |a Reyes Flores, Alejandro |e author |9 494178 | |
| 700 | 0 | |a Kapsoli Escudero, Wilfredo |e author |9 494179 | |
| 700 | 0 | |a Flores Marín, José |e author |9 494180 | |
| 700 | 0 | |a Aranda de los Ríos, Ramón |e author |9 494181 | |
| 700 | 0 | |a Pachas Castilla, Rolando |e author |9 494182 | |
| 700 | 0 | |a Robles Mendoza, Román |e author |9 494183 | |
| 700 | 0 | |a Chaca Gamarra, Pablo |e author |9 494184 | |
| 245 | 1 | 3 | |a La guerra del Pacífico |
| 300 | |a v | ||
| 942 | |c BK | ||
| 945 | |d 20050722 00:00:00 |a cmena | ||
| 260 | |a Lima |b Universidad Nacional Mayor de San Marcos |c 1984 | ||
| 650 | 0 | |a Guerra del Pacífico |9 314886 | |
| 650 | 7 | |a HISTORIA DE AMERICA DEL SUR |2 CL-VaPUC |9 494185 | |
| 650 | 0 | |a Historia de Perú |9 316239 | |
| 651 | 0 | |a Perú |9 256567 | |
| 583 | |a last modification |c 20050722 00:00:00 |k Rodrigo Vera | ||
| 999 | |c 313957 |d 313955 | ||
| 952 | |0 0 |1 0 |4 0 |6 983_061600000000000_RIV_1984 |7 0 |8 A |9 385797 |a BIBHIS |b BIBHIS |d 2019-11-22 |h v.2 |i 400308K |o 983.0616 RIV 1984 |p 400308K |r 2025-01-20 |w 2019-11-22 |y BK |k HIS | ||